EA FC26 All Gold Eredivisie Players - Statistics

General Stats
  • This quiz has been taken 27 times
  • The average score is 15 of 43
Answer Stats
Rate Club Nation Answer % Correct
79 PSV Morocco Ismael Saibari
90%
81 PSV Croatia Ivan Perisic
90%
79 PSV Netherlands Joey Veerman
80%
79 PSV Brazil Mauro Junior
80%
79 PSV USA Sergino Dest
80%
80 PSV Netherlands Jerdy Schouten
70%
79 NEC Netherlands Jasper Cillessen
60%
77 Utrecht Ivory Coast Sebastian Haller
60%
76 Ajax Israel Oscar Gloukh
50%
78 Feyenoord England Raheem Sterling
50%
76 PSV USA Ricardo Pepi
50%
78 Feyenoord Netherlands Sem Steijn
50%
75 AZ Netherlands Sven Mijnans
50%
78 PSV France Alassane Plea
40%
76 Feyenoord Algeria Anis Hadj-Moussa
40%
76 PSV Romania Dennis Man
40%
77 PSV Netherlands Guus Til
40%
77 Ajax Denmark Kasper Dolberg
40%
77 Ajax Japan Ko Itakura
40%
75 Heracles Netherlands Remko Pasveer
40%
78 Ajax Netherlands Steven Berghuis
40%
78 Ajax Netherlands Wout Weghorst
40%
75 Feyenoord Austria Gernot Trauner
30%
78 Twente Germany Lars Unnerstall
30%
75 Feyenoord Japan Tsuyoshi Watanabe
30%
77 Ajax Netherlands Davy Klaassen
20%
77 Feyenoord South Korea Hwang In Beom
20%
78 Ajax Germany Josip Sutalo
20%
75 PSV Czech Rep Matej Kovar
20%
75 Utrecht Morocco Souffian El Karouani
20%
76 Feyenoord Germany Timon Wellenreuther
20%
75 Feyenoord Poland Jakub Moder
10%
75 Utrecht Sweden Jesper Karlsson
10%
79 AZ Netherlands Jordy Clasie
10%
75 Utrecht Netherlands Mike van der Hoorn
10%
77 PSV Netherlands Nick Olij
10%
77 PSV Netherlands Ryan Flamingo
10%
77 AZ Netherlands Wouter Goes
10%
75 Utrecht France Yoann Cathline
10%
75 Ajax Netherlands Youri Baas
10%
75 Feyenoord Netherlands Givairo Read
0%
76 Feyenoord Netherlands Jeremiah St. Juste
0%
75 Feyenoord Switzerland Jordan Lotomba
0%
No matching quizzes found
Score Distribution
Percent of People with Each Score
Percentile by Number Answered
Your Score History
You have not taken this quiz